| 000 | 00468nab a2200145Ia 4500 | ||
|---|---|---|---|
| 003 | ES-SlBCS | ||
| 005 | 20210601125451.0 | ||
| 008 | 140529s1983-84 xxu||||| |||| 00| 0 eng d | ||
| 041 | _aeng | ||
| 100 | 1 |
_aMcenvoy, James _959019 |
|
| 245 | 0 | 0 |
_aSt. Augustine's Account of Time and Wittgenstein's Criticisms _c James Mcenvoy |
| 600 | 0 | 4 |
_aAgustín de Hipona-Wittgenstein _9158998 |
| 773 | 0 |
_tReview of Methaphysics _gvol. 37, 1983-84, págs. 547-578 _wRev843 |
|
| 942 | _cAR | ||
| 999 |
_c530815 _d530815 |
||